000 00876nam a22002897a 4500
001 BR6800615
003 BR-BrBNA
005 20230928083522.0
007 ta
008 230509b bl.||||| |||| 00| 0 por d
040 _aBR-BrBNA
_bpor
_cBiblioteca Nacional de Agricultura
041 _a(Spa)
072 _aM40; L60
_b8150
_b/G514
090 _ 8150 BR6800615
100 1 _aNomura, H.
110 1 _aFAO, Rio de Janeiro, GB (Brasil)
_94530
245 1 _aUbicacion sistematica del pescado de agua salada y salobre, desembarcado y/o. capturado en Santos [Sao Paulo, Brasil]
_bCARPAS/4/D.Tec. 6
260 3 _aRio de Janeiro, GB (Brasil):
_c1968.
300 _a11 p.
500 _a49 ref.; Glossary p. 3-7
650 _aPEIXE MARINHO
650 _aTAXONOMIA ANIMAL
650 _aSANTOS
650 _aSAO PAULO
909 _a202309
_bLucia
_c55
_dLucia Elande
942 _cBK
999 _c13937
_d13937